Top 10 Countries with the Most Public Holidays - Statistics

General Stats
  • This quiz has been taken 24 times
    8 since last reset
  • The average score is 7 of 10
Answer Stats
# of Public Holidays Continent Answer % Correct
21 Asia India
100%
26 Asia Iran
86%
22 Asia Bangladesh
71%
21 Asia Cambodia
71%
24 Asia Malaysia
71%
26 Asia Myanmar
71%
43+ Asia Nepal
71%
23 Oceania Fiji
57%
25 Asia Sri Lanka
43%
22 Europe Liechtenstein
29%
No matching quizzes found
Score Distribution
Percent of People with Each Score
Percentile by Number Answered
Your Score History
You have not taken this quiz since the last reset